| 000 | nam a22 a 4500 | ||
|---|---|---|---|
| 999 |
_c444007 _d444007 |
||
| 003 | BLK | ||
| 005 | 20220208093742.0 | ||
| 008 | 220208b bu |||||r|||| 00| | bu d | ||
| 040 | _aBLK | ||
| 041 |
_aBUL _cBUL |
||
| 080 |
_aМирно съвместно съществуване _b327.57 _z327.57 |
||
| 100 |
_91299 _aПирински, Георги _eпърви автор |
||
| 139 | _aПирински, Георги | ||
| 245 |
_aСталин и съвременното движение за мир и национална независимост _cГеорги Пирински |
||
| 260 |
_9216848 _aСофия _bНС ОФ _c1953 |
||
| 300 |
_a64 с. _c17 см |
||
| 380 | _a3 | ||
| 650 | 0 |
_9275335 _aБорба за мир |
|
| 653 | 7 |
_9184646 _aдвижения за мир |
|
| 653 | 7 |
_9191995 _aнезависимост |
|
| 852 |
_aЦб I 1160 _bО |
||
| 942 |
_cKNG _n0 _s1 |
||
| 944 |
_aCR _c2022-02-08 _kХристина Везирева |
||